000
00283nam a2200121Ia 4500
100
_a
Wodaski R/ Brown-Wodaski D
942
_c
RB
245
_a
Virtual reality madness & more
260
_b
SAMS
_a
Indiana polis
_c
1994
082
_a
5.43
_b
WOD/BR
300
_a
910
546
_a
ENGLISH
999
_c
19282
_d
19282